Le quiz des frères et sœurs - Statistiques

Statistiques générales
  • Ce quiz a été pris 443 fois
  • Le résultat moyen est 11 sur 18
Statistiques - réponses
Indice Réponse % Correct
Frère de Romulus, tué par ce dernier Rémus
95%
Métier de Mario et Luigi Plombier
91%
Quatre frères qui font régulièrement face à Lucky Luke Les Daltons
87%
Nom de Kourtney, Kim et Khloé, stars de la télé-réalité Kardashian
86%
Nom de Florent et Laure, médaillés olympiques dans la même discipline Manaudou
85%
Nom d'Igor et Grichka, vulgarisateurs scientifiques à la télévision Bogdanoff
76%
Ils ont recueilli et mis en forme plusieurs contes traditionnels, parmi lesquels Blanche-Neige, Raiponce ou encore Hansel et Gretel Les frères Grimm
75%
Leur nom est associé à un prestigieux prix littéraire français Les frères Goncourt
59%
Selon la Bible, Caïn a commis le premier fratricide sur son frère Abel
57%
Famille de sorciers qui compte sept enfants : six garçons et une fille La famille Weasley
56%
Ville où se trouvait l'usine des frères Lumière, qui y ont tourné leur premier film Lyon
52%
Trois frères qui ont chanté Stayin' Alive et How Deep Is Your Love Bee Gees
49%
Film où Catherine Deneuve et Françoise Dorléac jouent "deux sœurs jumelles nées sous le signe des Gémeaux" Les Demoiselles de Rochefort
48%
Mère de trois frères qui se sont succédé au trône de France : François II, Charles IX et Henri III. Catherine de Médicis
39%
Nom des frères Liam et Noel, fondateurs du groupe Oasis Gallagher
39%
Groupe de rock fondé par Angus et Malcolm Young AC/DC
36%
Frère de John F. Kennedy, lui aussi assassiné Robert "Bobby" Kennedy
31%
Frères mythologiques associés à la constellation des Gémeaux Castor et Pollux
19%
Aucun quiz correspondant
Distribution des résultats
% des personnes avec chaque résultat
Percentile par nombre de réponses
Votre historique - résultats
Vous n’avez pas pris ce quiz